Geometric Morphometrics for Biologists. (Record no. 6019)

MARC details
000 -LEADER
fixed length control field 00584nam a22001937a 4500
003 - CONTROL NUMBER IDENTIFIER
control field OSt
005 - DATE AND TIME OF LATEST TRANSACTION
control field 20180227191753.0
008 - FIXED-LENGTH DATA ELEMENTS--GENERAL INFORMATION
fixed length control field 180227b xxu||||| |||| 00| 0 eng d
020 ## - INTERNATIONAL STANDARD BOOK NUMBER
International Standard Book Number 012778460
040 ## - CATALOGING SOURCE
Transcribing agency DDC.
082 ## - DEWEY DECIMAL CLASSIFICATION NUMBER
Classification number 516.15GEO 2004
100 ## - MAIN ENTRY--PERSONAL NAME
Personal name Zelditch, Leah Miriam;Swiderski,L.Donald;[et...al]
9 (RLIN) 12499
245 ## - TITLE STATEMENT
Title Geometric Morphometrics for Biologists.
Remainder of title A Primer.
260 ## - PUBLICATION, DISTRIBUTION, ETC. (IMPRINT)
Place of publication, distribution, etc. Amsterdam'
Name of publisher, distributor, etc. Elsevier Academic Press.
Date of publication, distribution, etc. 2004.
300 ## - PHYSICAL DESCRIPTION
Extent x,443p;
Other physical details ill:
Dimensions 25cm
504 ## - BIBLIOGRAPHY, ETC. NOTE
Bibliography, etc includes Glossary, Bibliography and index
650 ## - SUBJECT ADDED ENTRY--TOPICAL TERM
Topical term or geographic name as entry element BIOLOGY.
9 (RLIN) 5602
942 ## - ADDED ENTRY ELEMENTS (KOHA)
Source of classification or shelving scheme Dewey Decimal Classification
Koha item type Open Shelf
Holdings
Withdrawn status Lost status Source of classification or shelving scheme Damaged status Not for loan Home library Current library Date acquired Source of acquisition Inventory number Total Checkouts Full call number Barcode Date last seen Price effective from Koha item type
    Dewey Decimal Classification     MUST Main Library MUST Main Library 27/02/2018   06/26386   516.15GEO 2004 2018-0121 27/02/2018 27/02/2018 Open Shelf